000 00631nam a2200193Ia 4500
999 _c34826
_d34826
003 GCL
005 20240530102823.0
008 140319s9999 xx 000 0 ara d
040 _aGCL /
_cGCL
082 0 4 _a191
_bب و
100 1 _aبرونوفسكى ، ج.
245 1 0 _aوحدة الانسان: دراسات علمية وادبية فى تكامل الكائن البشرى /
_cج . برونوفسكى
260 _a[S.N] :
_bمكتبة الانجلوالمصرية ،
_c1975
300 _a177 ص
650 0 4 _aالفلسفة
650 0 4 _aالانسان
700 1 _aفؤاد ذكريا
_eمترجم
942 _2ddc
_cBK